The children's Bible in 365 stories. (Record no. 3444)

000 -LEADER
fixed length control field 00847nam a2200229 a 4500
001 - CONTROL NUMBER
control field :::00001175$&:&@@
003 - CONTROL NUMBER IDENTIFIER
control field OkBaRHE
005 - DATE AND TIME OF LATEST TRANSACTION
control field 20110406152057.0
008 - FIXED-LENGTH DATA ELEMENTS--GENERAL INFORMATION
fixed length control field s1985 j 000 0 eng u
040 ## - CATALOGING SOURCE
Transcribing agency
100 1# - MAIN ENTRY--PERSONAL NAME
Personal name Batchelor, Mary.
245 14 - TITLE STATEMENT
Title The children's Bible in 365 stories.
Statement of responsibility, etc Illustrated by John Haysom.
250 ## - EDITION STATEMENT
Edition statement 1st ed.
260 ## - PUBLICATION, DISTRIBUTION, ETC. (IMPRINT)
Place of publication, distribution, etc Icknield Way, Tring, Herts, UK:EN :
Name of publisher, distributor, etc Lion Pub.
Date of publication, distribution, etc c1985
300 ## - PHYSICAL DESCRIPTION
Extent 416 p. : col. illus. ;
Dimensions 25 cm.
520 ## - SUMMARY, ETC.
Summary, etc An illustrated collection of 365 stories retold from the Bible, from Genesis to Revelation.
650 ## - SUBJECT ADDED ENTRY--TOPICAL TERM
Topical term or geographic name as entry element Bible Stories
650 ## - SUBJECT ADDED ENTRY--TOPICAL TERM
Topical term or geographic name as entry element Bible Stories, English
700 ## - ADDED ENTRY--PERSONAL NAME
Personal name Haysom, John, Illus.
942 ## - ADDED ENTRY ELEMENTS (KOHA)
Source of classification or shelving scheme
Koha item type Books
Copies
Current Location Permanent Location Full call number Withdrawn status Lost status Date last seen Barcode Koha item type Not for loan Total Checkouts Price effective from Source of classification or shelving scheme Damaged status Copy number Date checked out Shelving location Date acquired
RHEMA Bible Training CollegeRHEMA Bible Training CollegeBS 551.2 .B37  2018-02-221175Books 12010-04-14  12011-03-23General Stacks2010-04-14